000 00480pab a2200169 454500
008 180718b1998 xxu||||| |||| 00| 0 eng d
100 _aRamaswamy, K.V.
245 _aIndia's apparel sector in the global economy: catching up or falling behind
260 _c1998
300 _ap.122-30
362 _a17 Jan
650 _aStructural adjustment - India
650 _aInternational trade
700 _aGereffi, Gary
773 _aEconomic and Political Weekly
909 _a36998
999 _c36998
_d36998